Care for the Ailing Senior Citizens/ (Record no. 174739)
[ view plain ]
| 000 -LEADER | |
|---|---|
| fixed length control field | 00674nam a22002057a 4500 |
| 005 - DATE AND TIME OF LATEST TRANSACTION | |
| control field | 20200702144904.0 |
| 010 ## - LCCN (DPL NO) | |
| LC control number | ENG-128264 |
| 020 ## - INTERNATIONAL STANDARD BOOK NUMBER | |
| Terms of availability | 895.00 |
| International Standard Book Number | 9788183244893 |
| 035 ## - SYSTEM CONTROL NUMBER | |
| System control number | EN-111796 |
| 037 ## - SOURCE OF ACQUISITION | |
| Source of stock number/acquisition | DBAD/PUB |
| 082 ## - DEWEY DECIMAL CLASSIFICATION NUMBER | |
| Classification number | 362.60954 |
| 245 ## - TITLE STATEMENT | |
| Title | Care for the Ailing Senior Citizens/ |
| Statement of responsibility, etc | edited by Jai Prakash Dubey and Ashok Sharma |
| 260 ## - PUBLICATION, DISTRIBUTION, ETC. (IMPRINT) | |
| Place of publication, distribution, etc | New Delhi |
| Name of publisher, distributor, etc | Mittal |
| Date of publication, distribution, etc | 2014 |
| 270 ## - ADDRESS | |
| Address | 4594/9,Daryaganj |
| City | New Delhi |
| Postal code | 110002 |
| Telephone number | 23250398 |
| Electronic mail address | info@mittalbooks.com |
| 300 ## - PHYSICAL DESCRIPTION | |
| Extent | xx;266p. |
| Dimensions | 22cm(hb) |
| 500 ## - GENERAL NOTE | |
| General note | includes bibliographical references and index |
| 700 ## - ADDED ENTRY--PERSONAL NAME | |
| Personal name | Debey, Jai Prakash |
| 700 ## - ADDED ENTRY--PERSONAL NAME | |
| Personal name | Sharma,Ashok |
| 942 ## - ADDED ENTRY ELEMENTS (KOHA) | |
| Source of classification or shelving scheme | Dewey Decimal Classification |
| Item type | English Books |
| Classification part | 362.60954 |
| Call number suffix | CAR |
| Withdrawn status | Lost status | Not for loan | Collection code | Home library | Current library | Date acquired | Source of acquisition | Cost, normal purchase price | Full call number | Barcode | Copy number | Cost, replacement price | Koha item type |
|---|---|---|---|---|---|---|---|---|---|---|---|---|---|
| Non-fiction | Bawana | Bawana | 02/07/2020 | DBAD/PUB | 895.00 | 362.60954 CAR | EN-111796 | 1 | 895.00 | English Books |
